| 000 | 00354nam a22001217a 4500 | ||
|---|---|---|---|
| 082 |
_a363.7384 _bLOV _cD |
||
| 245 | _aPhase Out Lead from Gasoline: World -Wide Experience and Policy Implications | ||
| 260 |
_aWashington _bThe World Bank _c1996 |
||
| 300 | _a43 p. : | ||
| 526 |
_a0 _b0 _c0 _d363_738400000000000_LOV |
||
| 650 |
_aMCE _9379 |
||
| 942 |
_2ddc _cBK |
||
| 999 |
_c542828 _d542828 |
||